| 000 | 00366nam a2200145Ia 4500 | ||
|---|---|---|---|
| 008 | 251230s9999 xx 000 0 und d | ||
| 020 | _a0451204891 | ||
| 082 |
_a820 _bJOH/T |
||
| 100 | _aLescroart, John | ||
| 245 | 4 | _aThe Hearing | |
| 250 | _a1st Edition | ||
| 260 |
_aNew York _bA Signet Book _c2001 |
||
| 300 | _a542p. | ||
| 942 |
_yMuit Old Books _cMuit Old Books |
||
| 999 |
_c50363 _d50363 |
||